[Event "ESP-chT CECLUB Div2"]
[Site "Linares"]
[Date "2023.08.17"]
[Round "6.14"]
[White "Perez Garcia, Alejandro"]
[Black "Salgado Allaria, Carlos Fernando"]
[Result "1-0"]
[WhiteElo "2395"]
[BlackElo "2244"]
[PlyCount "103"]
[EventDate "2023.08.13"]
[EventType "team-swiss"]
[EventRounds "7"]
[EventCountry "ESP"]
[SourceTitle "EXT 2024"]
[Source "ChessBase"]
[SourceDate "2023.10.10"]
[SourceVersion "1"]
[SourceVersionDate "2023.10.10"]
[SourceQuality "1"]
[WhiteTeam "Prodomasa Coin"]
[BlackTeam "Platja D'Aro"]
[WhiteTeamCountry "ESP"]
[BlackTeamCountry "ESP"]

1. Nf3 d5 2. g3 Nf6 3. Bg2 e6 4. 0-0 Be7 5. c4 0-0 6. d4 c6 7. Qc2 b6 8. Nbd2 Bb7 9. e4 Na6 10. a3 c5 11. exd5 exd5 12. dxc5 Nxc5 13. b4 Nce4 14. Bb2 Rc8 15. Ne5 Qc7 16. Rac1 Rfd8 17. Nxe4 dxe4 18. Bh3 Rb8 19. Qc3 Bf8 20. Rfe1 Re8 21. Rcd1 Rbd8 22. Rxd8 Rxd8 23. Bg2 Qd6 24. h3 Qd2 25. Ng4 Nxg4 26. hxg4 Qxc3 27. Bxc3 Rd3 28. Rc1 e3 29. f3 Rd7 30. Be1 g6 31. Kf1 Rc7 32. Ke2 Ba6 33. Kd3 Bd6 34. f4 g5 35. f5 Be5 36. Bd5 Bc8 37. Kxe3 h5 38. Kf3 Kg7 39. gxh5 Bxf5 40. g4 Bb2 41. Bc3+ Bxc3 42. Rxc3 Bd7 43. c5 bxc5 44. bxc5 f5 45. gxf5 Bxf5 46. c6 Kf6 47. Be4 Be6 48. h6 Bg8 49. Rd3 Bh7 50. Bxh7 Rxh7 51. Rd7 Rh8 52. c7 1-0

[Event "Zahara de la Sierra 2nd"]
[Site "Zahara de la Sierra"]
[Date "2023.04.05"]
[Round "1"]
[White "Perez Garcia, Alejandro"]
[Black "Ingunza Curro, Andres"]
[Result "1-0"]
[WhiteElo "2361"]
[BlackElo "2366"]
[PlyCount "71"]
[EventDate "2023.04.05"]
[EventType "tourn"]
[EventRounds "9"]
[EventCountry "ESP"]
[EventCategory "6"]
[SourceTitle "CBM 213 Extra"]
[Source "ChessBase"]
[SourceDate "2023.05.31"]
[SourceVersion "1"]
[SourceVersionDate "2023.05.31"]
[SourceQuality "1"]

1. Nf3 Nf6 2. g3 e6 3. Bg2 d5 4. 0-0 Be7 5. d4 0-0 6. c4 dxc4 7. Qc2 b5 8. a4 b4 9. Nbd2 Bb7 10. Nxc4 Be4 11. Qb3 c5 12. Rd1 Nbd7 13. Be3 Qc7 14. Bf4 Qb7 15. Bd6 Bxd6 16. Nxd6 Qd5 17. Qxd5 Bxd5 18. Ne5 Bxg2 19. Kxg2 Rab8 20. Rac1 cxd4 21. Nc6 Rb6 22. a5 Ra6 23. Rxd4 h5 24. Rxb4 Nb8 25. Ne7+ Kh7 26. Ndc8 Nbd7 27. Rb5 e5 28. Rc7 Re8 29. Nc6 Nf8 30. N8xa7 Ne6 31. Rxf7 Nd4 32. Rb6 Rxb6 33. axb6 Kg6 34. Rxf6+ gxf6 35. b7 Nxc6 36. Nxc6 1-0

[Event "Lorca op 10th"]
[Site "Lorca"]
[Date "2021.12.27"]
[Round "3"]
[White "Iniyan, Panneerseluam"]
[Black "Perez Garcia, Alejandro"]
[Result "1-0"]
[WhiteElo "2555"]
[BlackElo "2325"]
[PlyCount "86"]
[EventDate "2021.12.26"]
[EventType "swiss"]
[EventRounds "9"]
[EventCountry "ESP"]
[SourceTitle "CBM 205 Extra"]
[Source "ChessBase"]
[SourceDate "2022.01.31"]
[SourceVersion "1"]
[SourceVersionDate "2022.01.31"]
[SourceQuality "1"]

1. d4 g6 2. c4 Bg7 3. e4 e6 4. Nc3 Ne7 5. Nf3 d5 6. e5 Nbc6 7. h4 h6 8. Bf4 b6 9. Rc1 Bb7 10. cxd5 exd5 11. g3 Bc8 12. Bb5 Kf8 13. Bxc6 Nxc6 14. Qb3 Ne7 15. Nb5 c6 16. Nd6 Be6 17. Qe3 Qd7 18. h5 g5 19. Nxg5 hxg5 20. Bxg5 Nf5 21. Nxf5 Bxf5 22. g4 Bxg4 23. h6 Kg8 24. Kd2 Bf8 25. h7+ Rxh7 26. Rxh7 Kxh7 27. Rh1+ Kg6 28. f3 Qf5 29. Bf4 Bh5 30. Qg1+ Kh7 31. Qg4 Bb4+ 32. Ke3 Qxg4 33. fxg4 Rh8 34. gxh5 Rg8 35. Rc1 c5 36. a3 cxd4+ 37. Kf3 Be7 38. Rc7 Bg5 39. e6 Bxf4 40. Kxf4 Kh6 41. exf7 Rf8 42. Rd7 Kxh5 43. Kf5 d3 1-0

[Event "ESP-chT CECLUB Div2"]
[Site "Linares"]
[Date "2021.08.12"]
[Round "6.4"]
[White "Eizaguerri Floris, Maria"]
[Black "Perez Garcia, Alejandro"]
[Result "1/2-1/2"]
[WhiteElo "2301"]
[BlackElo "2336"]
[PlyCount "207"]
[EventDate "2021.08.09"]
[EventType "team-swiss"]
[EventRounds "7"]
[EventCountry "ESP"]
[SourceTitle "CBM 203 Extra"]
[Source "ChessBase"]
[SourceDate "2021.09.30"]
[SourceVersion "1"]
[SourceVersionDate "2021.09.30"]
[SourceQuality "1"]
[WhiteTeam "Silla Bosch Serinsys II"]
[BlackTeam "Prodomasa Coin"]
[WhiteTeamCountry "ESP"]
[BlackTeamCountry "ESP"]

1. e4 c6 2. d4 d5 3. e5 Bf5 4. Nd2 e6 5. Nb3 Nd7 6. Nf3 Ne7 7. Be2 Nc8 8. 0-0 Be7 9. a4 0-0 10. a5 a6 11. c4 dxc4 12. Nbd2 Na7 13. Nxc4 Nb5 14. Be3 Be4 15. Nfd2 Bd5 16. Bd3 c5 17. dxc5 Bxc5 18. Bxc5 Nxc5 19. Bc2 Qg5 20. g3 Rad8 21. h4 Qh6 22. Ne3 Bc6 23. b4 Ne4 24. Bxe4 Bxe4 25. Qc1 Bd3 26. Re1 f5 27. Nf3 f4 28. Ng2 fxg3 29. Qxh6 gxh6 30. Re3 gxf2+ 31. Kxf2 Bg6 32. Kg3 Bh5 33. Nf4 Bxf3 34. Nxe6 Bc6 35. Nxf8 Kxf8 36. Rf1+ Ke7 37. Rf6 Rg8+ 38. Kf2 Rg2+ 39. Kf1 Rg6 40. Rf4 Nc7 41. Rd4 Ne6 42. Rd6 Rg4 43. Rc3 Bb5+ 44. Kf2 Rxb4 45. Rb6 Rf4+ 46. Kg3 Bc6 47. Rbxc6 bxc6 48. Rxc6 Re4 49. Rxa6 Rxe5 50. Ra7+ Kf6 51. Rxh7 h5 52. a6 Re3+ 53. Kf2 Ra3 54. Rxh5 Rxa6 55. Kg3 Ra3+ 56. Kg4 Ra4+ 57. Kg3 Nd4 58. Rh6+ Ke5 59. Rh8 Nf5+ 60. Kf3 Nxh4+ 61. Ke3 Ra3+ 62. Ke2 Ng6 63. Re8+ Kd4 64. Rd8+ Ke4 65. Re8+ Ne5 66. Rd8 Re3+ 67. Kd2 Nf3+ 68. Kc1 Re2 69. Re8+ Ne5 70. Ra8 Ke3 71. Ra3+ Nd3+ 72. Kb1 Rb2+ 73. Ka1 Rb4 74. Ka2 Kd2 75. Ra8 Nc5 76. Rc8 Rc4 77. Kb1 Rb4+ 78. Ka2 Rb5 79. Rh8 Kc2 80. Rh2+ Kc3 81. Rh3+ Nd3 82. Rg3 Ra5+ 83. Kb1 Re5 84. Rg1 Re2 85. Rh1 Kb3 86. Rg1 Re3 87. Rh1 Nb4 88. Kc1 Kc3 89. Kd1 Nd3 90. Rf1 Nb2+ 91. Kc1 Re2 92. Rh1 Rc2+ 93. Kb1 Nd3 94. Rg1 Kb3 95. Rh1 Rb2+ 96. Ka1 Rg2 97. Kb1 Rg3 98. Rf1 Nb4 99. Kc1 Kc3 100. Kb1 Rg2 101. Rf3+ Nd3 102. Rf1 Rb2+ 103. Ka1 Kc2 104. Rf2+ 1/2-1/2

[Event "ESP-chT CECLUB Div2"]
[Site "Linares"]
[Date "2021.08.11"]
[Round "4.3"]
[White "Perez Garcia, Alejandro"]
[Black "Rey Martinez, Jaime"]
[Result "1-0"]
[WhiteElo "2336"]
[BlackElo "2064"]
[PlyCount "57"]
[EventDate "2021.08.09"]
[EventType "team-swiss"]
[EventRounds "7"]
[EventCountry "ESP"]
[SourceTitle "CBM 203 Extra"]
[Source "ChessBase"]
[SourceDate "2021.09.30"]
[SourceVersion "1"]
[SourceVersionDate "2021.09.30"]
[SourceQuality "1"]
[WhiteTeam "Prodomasa Coin"]
[BlackTeam "Getafe"]
[WhiteTeamCountry "ESP"]
[BlackTeamCountry "ESP"]

1. d4 d5 2. Nf3 e6 3. g3 Nf6 4. Bg2 b5 5. 0-0 Bd6 6. Bg5 Bb7 7. a4 b4 8. c4 bxc3 9. Nxc3 Nbd7 10. Rc1 0-0 11. Nb5 h6 12. Bd2 Ne4 13. Ba5 Nb6 14. Ne5 a6 15. Nxd6 Nxd6 16. b3 f5 17. Qd3 g5 18. Rc2 h5 19. Rfc1 Rc8 20. h4 Nf7 21. Nxf7 Rxf7 22. hxg5 Qd6 23. Qd2 Kg7 24. Qf4 Qxf4 25. gxf4 Na8 26. Bf3 Kg6 27. Kg2 c6 28. e3 Rd7 29. b4 1-0

[Event "Seville op 46th"]
[Site "Seville"]
[Date "2021.07.03"]
[Round "4"]
[White "Perez Garcia, Alejandro"]
[Black "Serrano Almendros, Alejandro"]
[Result "1/2-1/2"]
[WhiteElo "2335"]
[BlackElo "2030"]
[PlyCount "142"]
[EventDate "2021.06.30"]
[EventType "swiss"]
[EventRounds "7"]
[EventCountry "ESP"]
[SourceTitle "CBM 203 Extra"]
[Source "ChessBase"]
[SourceDate "2021.09.30"]
[SourceVersion "1"]
[SourceVersionDate "2021.09.30"]
[SourceQuality "1"]

1. e4 e6 2. d3 d5 3. Qe2 Ne7 4. Nf3 c5 5. g3 Nbc6 6. Bg2 g6 7. 0-0 Bg7 8. e5 Qc7 9. Re1 b6 10. Na3 Ba6 11. c3 Rc8 12. Bd2 Nb8 13. b4 Qd7 14. Rab1 Qa4 15. Bc1 cxb4 16. Rxb4 Qa5 17. Rb3 Nd7 18. Bd2 Nc5 19. c4 Qa4 20. Nb5 Bxb5 21. Rxb5 dxc4 22. dxc4 Qxa2 23. Rbb1 Nb3 24. Bb4 Qxe2 25. Rxe2 Nc5 26. Nd4 0-0 27. f4 a6 28. Nb3 Rb8 29. Ra2 Rfd8 30. Bxc5 bxc5 31. Rxa6 Rd3 32. Ra8 Rdd8 33. Rba1 Rxa8 34. Rxa8 Rxa8 35. Bxa8 Nc8 36. Bc6 Nb6 37. Bb5 Bf8 38. Kf2 f6 39. exf6 Kf7 40. Nd2 Kxf6 41. Ne4+ Kf5 42. Kf3 h5 43. h3 e5 44. g4+ hxg4+ 45. hxg4+ Ke6 46. Ng5+ Kd6 47. Nf7+ Ke6 48. Nxe5 g5 49. Ng6 Bh6 50. f5+ Kd6 51. Ke3 Bg7 52. Ke4 Nc8 53. f6 Bxf6 54. Kf5 Bd8 55. Nh8 Ke7 56. Kxg5 Nd6 57. Ng6+ Ke6+ 58. Kf4 Kf6 59. Nh4 Nxb5 60. cxb5 c4 61. Ke4 c3 62. Kd3 Kg5 63. Nf5 Kxg4 64. Ng7 Ba5 65. Ne6 Kf5 66. Nd4+ Ke5 67. Kc4 Kd6 68. Nb3 c2 69. Kd3 Kd5 70. Kxc2 Kc4 71. Nxa5+ Kxb5 1/2-1/2

[Event "Seville op 46th"]
[Site "Seville"]
[Date "2021.07.03"]
[Round "5"]
[White "Valenzuela Gomez, Fernando Alberto"]
[Black "Perez Garcia, Alejandro"]
[Result "1-0"]
[WhiteElo "2384"]
[BlackElo "2335"]
[PlyCount "55"]
[EventDate "2021.06.30"]
[EventType "swiss"]
[EventRounds "7"]
[EventCountry "ESP"]
[SourceTitle "CBM 203 Extra"]
[Source "ChessBase"]
[SourceDate "2021.09.30"]
[SourceVersion "1"]
[SourceVersionDate "2021.09.30"]
[SourceQuality "1"]

1. e4 e5 2. Nf3 d6 3. d4 exd4 4. Nxd4 Nf6 5. Nc3 Be7 6. Bf4 0-0 7. Qd2 c6 8. 0-0-0 b5 9. f3 b4 10. Na4 c5 11. Nb5 Qa5 12. b3 Bd7 13. Nxd6 Bxa4 14. Nf5 Nc6 15. bxa4 Rad8 16. Qe2 Rxd1+ 17. Kxd1 Rd8+ 18. Kc1 b3 19. Nxe7+ Nxe7 20. axb3 Qc3 21. Kb1 c4 22. Bc1 cxb3 23. Bb2 Qb4 24. c3 Qxa4 25. Kc1 Qa2 26. Qb5 a5 27. Bd3 Nc6 28. Qxc6 1-0

[Event "ESP-chT CECLUB Div2"]
[Site "Linares"]
[Date "2020.08.26"]
[Round "4.1"]
[White "Alvarez Perez, Adan"]
[Black "Perez Garcia, Alejandro"]
[Result "0-1"]
[WhiteElo "2026"]
[BlackElo "2316"]
[PlyCount "84"]
[EventDate "2020.08.24"]
[EventType "team-tourn"]
[EventRounds "6"]
[EventCountry "ESP"]
[SourceTitle "CBM 198 Extra"]
[Source "ChessBase"]
[SourceDate "2020.11.30"]
[SourceVersion "1"]
[SourceVersionDate "2020.11.30"]
[SourceQuality "1"]
[WhiteTeam "Antonio Rico"]
[BlackTeam "Coin CC"]
[WhiteTeamCountry "ESP"]
[BlackTeamCountry "ESP"]

1. d4 d6 2. e4 Nf6 3. Nc3 Nbd7 4. Be3 e5 5. f3 exd4 6. Qxd4 c6 7. Nge2 Be7 8. Ng3 Nc5 9. Qd2 0-0 10. Rd1 d5 11. exd5 cxd5 12. Nxd5 Nxd5 13. Qxd5 Qa5+ 14. Bd2 Qb6 15. b4 Be6 16. Qh5 Nd7 17. Qb5 Rfe8 18. Qxb6 axb6 19. Bd3 Ne5 20. 0-0 Nxd3 21. cxd3 Rxa2 22. Be3 Bxb4 23. Rb1 Bf8 24. Bxb6 Bd5 25. Rf2 Ra3 26. d4 Rc3 27. Re2 Rec8 28. Nf5 Be6 29. Ne3 Bd6 30. g3 Ra3 31. Kf2 h5 32. Bc5 Bxc5 33. dxc5 Rxc5 34. Rxb7 Rc1 35. Rbb2 Rh1 36. Kg2 Raa1 37. f4 Bg4 38. Nxg4 hxg4 39. Ra2 Raf1 40. Re8+ Kh7 41. Rh8+ Kxh8 42. Ra8+ Kh7 0-1

[Event "Budapest FS03 IM"]
[Site "Budapest"]
[Date "2020.03.16"]
[Round "9"]
[White "Perez Garcia, Alejandro"]
[Black "Lyell, Mark"]
[Result "1/2-1/2"]
[WhiteElo "2333"]
[BlackElo "2245"]
[PlyCount "138"]
[EventDate "2020.03.07"]
[EventType "tourn"]
[EventRounds "9"]
[EventCountry "HUN"]
[SourceTitle "EXT 2021"]
[Source "ChessBase"]
[SourceDate "2020.10.23"]
[SourceVersion "1"]
[SourceVersionDate "2020.10.23"]
[SourceQuality "1"]

1. Nf3 g6 2. e4 Bg7 3. d4 d6 4. c3 Nf6 5. Bd3 0-0 6. Qe2 Nbd7 7. 0-0 e5 8. dxe5 dxe5 9. a4 Nc5 10. Bc2 Nh5 11. Rd1 Qe7 12. b4 Ne6 13. g3 a5 14. bxa5 Rxa5 15. Nbd2 b6 16. Ba3 c5 17. Nc4 Ba6 18. Nfd2 Bh6 19. Bc1 Bxd2 20. Bxd2 Ra8 21. Rab1 Qc7 22. Bh6 Nhg7 23. Rd2 Rd8 24. Rbd1 Rxd2 25. Rxd2 Ne8 26. Bd3 Rxa4 27. Ne3 Ra1+ 28. Kg2 Qb7 29. Nd5 f5 30. Qf3 Bxd3 31. Rxd3 Re1 32. Re3 Rxe3 33. fxe3 N6c7 34. c4 Nxd5 35. cxd5 Nf6 36. exf5 Qxd5 37. fxg6 hxg6 38. Bg5 Kf7 39. Bxf6 Qxf3+ 40. Kxf3 Kxf6 41. h4 b5 42. g4 b4 43. Ke2 c4 44. e4 b3 45. Kd2 b2 46. Kc2 c3 47. g5+ Ke6 48. Kb1 Ke7 49. Kc2 Kd6 50. Kb1 Ke7 51. Kc2 Kd6 52. Kb1 Ke6 53. Kc2 Ke7 54. Kb1 Kd6 55. Kc2 Ke6 56. Kb1 Ke7 57. Kc2 Kd6 58. Kb1 Kc5 59. h5 Kd4 60. hxg6 Kd3 61. g7 Kd2 62. g8Q c2+ 63. Kxb2 c1Q+ 64. Kb3 Qc2+ 65. Ka3 Qxe4 66. g6 Qd3+ 67. Qb3 Qa6+ 68. Kb2 Qxg6 69. Qc3+ Ke2 1/2-1/2

[Event "Budapest FS03 IM"]
[Site "Budapest"]
[Date "2020.03.10"]
[Round "4"]
[White "Perez Garcia, Alejandro"]
[Black "Forgacs, Attila Jr"]
[Result "1-0"]
[WhiteElo "2333"]
[BlackElo "2183"]
[PlyCount "91"]
[EventDate "2020.03.07"]
[EventType "tourn"]
[EventRounds "9"]
[EventCountry "HUN"]
[SourceTitle "CBM 195 Extra"]
[Source "ChessBase"]
[SourceDate "2020.05.31"]
[SourceVersion "1"]
[SourceVersionDate "2020.05.31"]
[SourceQuality "1"]

1. Nf3 Nf6 2. d4 g6 3. Nbd2 Bg7 4. e4 d6 5. Bd3 0-0 6. 0-0 c5 7. c3 a6 8. Qe2 Nbd7 9. Rd1 b5 10. e5 Nh5 11. Nf1 Bb7 12. g4 dxe5 13. gxh5 exd4 14. cxd4 cxd4 15. h6 Bh8 16. b4 e5 17. Be4 Qb6 18. a4 bxa4 19. Bxb7 Qxb7 20. Rxa4 Nb6 21. Ra2 d3 22. Qe3 e4 23. N3d2 f5 24. Bb2 Nd5 25. Qg5 Nxb4 26. Bxh8 Nxa2 27. Bg7 Rfc8 28. Ne3 Qf7 29. Nxe4 fxe4 30. Nd5 Qe6 31. Nf6+ Kf7 32. Qf4 Qf5 33. Qd6 Rc1 34. Rxc1 Qg5+ 35. Kf1 Qxc1+ 36. Kg2 Qg5+ 37. Kf1 Qb5 38. Nxe4 d2+ 39. Kg2 Qf5 40. Qc7+ Ke6 41. Qd6+ Kf7 42. Qc7+ Ke6 43. Qc6+ Ke7 44. Bf6+ Kf7 45. Qc7+ Ke6 46. Qd6+ 1-0

[Event "Budapest FS03 IM"]
[Site "Budapest"]
[Date "2020.03.07"]
[Round "1"]
[White "Jacobsen, Mikkel Manosri"]
[Black "Perez Garcia, Alejandro"]
[Result "1/2-1/2"]
[WhiteElo "2328"]
[BlackElo "2333"]
[PlyCount "99"]
[EventDate "2020.03.07"]
[EventType "tourn"]
[EventRounds "9"]
[EventCountry "HUN"]
[SourceTitle "CBM 195 Extra"]
[Source "ChessBase"]
[SourceDate "2020.05.31"]
[SourceVersion "1"]
[SourceVersionDate "2020.05.31"]
[SourceQuality "1"]

1. d4 Nf6 2. Nf3 g6 3. c4 Bg7 4. Nc3 0-0 5. Bg5 c5 6. d5 h6 7. Bh4 d6 8. e3 g5 9. Bg3 Nh5 10. Bd3 f5 11. Nd2 Nxg3 12. hxg3 Nd7 13. f4 Nf6 14. Nf3 gxf4 15. gxf4 Ng4 16. Qd2 Qa5 17. Nh2 Nf6 18. g4 fxg4 19. e4 e5 20. fxe5 dxe5 21. Nf1 Bd7 22. Ng3 Rf7 23. 0-0-0 a6 24. Rh2 b5 25. Rdh1 Raf8 26. cxb5 axb5 27. Nxb5 Qxa2 28. Nd6 Qa1+ 29. Bb1 c4 30. Nxf7 Kxf7 31. Qc3 Rb8 32. Rf1 Rb3 33. Qxe5 c3 34. Rhf2 Rxb2 35. Rxf6+ Kg8 36. Rf8+ Bxf8 37. Rxf8+ Kxf8 38. Qh8+ Ke7 39. Qg7+ Ke8 40. Qg6+ Kf8 41. Qxh6+ Kf7 42. Qh5+ Ke7 43. Qg5+ Kf7 44. Qh5+ Ke7 45. Qg5+ Ke8 46. Qg6+ Kd8 47. Qf6+ Ke8 48. Qg6+ Kf8 49. Qh6+ Kf7 50. Qh5+ 1/2-1/2

[Event "ESP-ch 84th"]
[Site "Marbella"]
[Date "2019.11.17"]
[Round "2"]
[White "Perez Garcia, Alejandro"]
[Black "Pindado Campos, Raul"]
[Result "1-0"]
[WhiteElo "2343"]
[BlackElo "2100"]
[PlyCount "77"]
[EventDate "2019.11.16"]
[EventType "swiss"]
[EventRounds "9"]
[EventCountry "ESP"]
[SourceTitle "CBM 193 Extra"]
[Source "ChessBase"]
[SourceDate "2020.01.31"]
[SourceVersion "1"]
[SourceVersionDate "2020.01.31"]
[SourceQuality "1"]

1. Nf3 Nf6 2. c4 e6 3. g3 d5 4. Bg2 Be7 5. 0-0 0-0 6. b3 c5 7. Bb2 Nc6 8. e3 b6 9. Nc3 Bb7 10. cxd5 exd5 11. d4 Re8 12. Rc1 Rc8 13. Bh3 Rb8 14. Re1 Ne4 15. dxc5 Nxc3 16. Rxc3 Bf6 17. Rc2 Bxb2 18. Rxb2 bxc5 19. Rd2 d4 20. Bg2 h6 21. exd4 Rxe1+ 22. Qxe1 Nxd4 23. Nxd4 cxd4 24. Qe5 Bxg2 25. Kxg2 Rc8 26. Rxd4 Qb6 27. Rd7 a5 28. Qd5 Rf8 29. Rb7 Qa6 30. Rb5 Ra8 31. a3 g6 32. h4 h5 33. Rb7 Rf8 34. Rc7 Kg7 35. Rc6 Qa7 36. Rc5 Ra8 37. b4 axb4 38. axb4 Kg8 39. Ra5 1-0

[Event "ESP-chT CECLUB Div2"]
[Site "Linares"]
[Date "2019.08.22"]
[Round "5.2"]
[White "Sosa, Tomas"]
[Black "Perez Garcia, Alejandro"]
[Result "1-0"]
[WhiteElo "2508"]
[BlackElo "2347"]
[PlyCount "81"]
[EventDate "2019.08.19"]
[EventType "team-swiss"]
[EventRounds "7"]
[EventCountry "ESP"]
[SourceTitle "EXT 2020"]
[Source "ChessBase"]
[SourceDate "2019.10.17"]
[SourceVersion "1"]
[SourceVersionDate "2019.10.17"]
[SourceQuality "1"]
[WhiteTeam "Mollet"]
[BlackTeam "Coin CC"]
[WhiteTeamCountry "ESP"]
[BlackTeamCountry "ESP"]

1. b3 d5 2. Bb2 Nf6 3. g3 Bf5 4. Bg2 e6 5. d3 h6 6. Nd2 Bh7 7. e4 Bb4 8. c3 Be7 9. Qe2 0-0 10. Nh3 Nbd7 11. f4 a5 12. a3 c6 13. Nf2 Qb6 14. 0-0 Nc5 15. c4 dxe4 16. dxe4 Rfd8 17. Bxf6 Bxf6 18. e5 Be7 19. Qe3 Na4 20. Qxb6 Nxb6 21. Nde4 a4 22. c5 Nd5 23. b4 Ne3 24. Rfc1 Nxg2 25. Kxg2 Bxe4+ 26. Nxe4 Rd3 27. Rd1 Rad8 28. Nf2 Rb3 29. Rxd8+ Bxd8 30. Rd1 Be7 31. Rd7 Kf8 32. Ne4 Rxa3 33. Rxb7 Ke8 34. Ra7 Re3 35. Nd6+ Bxd6 36. exd6 a3 37. b5 cxb5 38. c6 f6 39. Ra8+ Kf7 40. c7 Rc3 41. d7 1-0

[Event "Iberoamerican-ch 7th"]
[Site "Linares"]
[Date "2019.08.13"]
[Round "4"]
[White "Perez Garcia, Alejandro"]
[Black "Del Rio de Angelis, Salvador Gabriel"]
[Result "1/2-1/2"]
[WhiteElo "2347"]
[BlackElo "2472"]
[PlyCount "95"]
[EventDate "2019.08.10"]
[EventType "swiss"]
[EventRounds "9"]
[EventCountry "ESP"]
[SourceTitle "CBM 191 Extra"]
[Source "ChessBase"]
[SourceDate "2019.09.30"]
[SourceVersion "1"]
[SourceVersionDate "2019.09.30"]
[SourceQuality "1"]

1. Nf3 d5 2. g3 Nf6 3. Bg2 e6 4. c4 Be7 5. 0-0 0-0 6. d4 Nbd7 7. Qc2 a5 8. Nbd2 c5 9. Rd1 b6 10. cxd5 Nxd5 11. Nc4 Ba6 12. Nfe5 Nxe5 13. dxe5 Nb4 14. Rxd8 Nxc2 15. Rxa8 Rxa8 16. Bxa8 Bxc4 17. b3 Nxa1 18. bxc4 Nc2 19. Kg2 Nb4 20. a3 Na6 21. h4 Nc7 22. Bc6 Bd8 23. h5 Be7 24. g4 h6 25. Kg3 Bd8 26. f4 Be7 27. a4 g5 28. hxg6 fxg6 29. f5 gxf5 30. gxf5 exf5 31. Bxh6 Kf7 32. Bd5+ Ne6 33. Kf3 Bd8 34. e4 fxe4+ 35. Kxe4 Ke7 36. Bxe6 Kxe6 37. Bg7 Bc7 38. Bf6 Bb8 39. Bd8 Bxe5 40. Bxb6 Bc3 41. Bxc5 Be1 42. Bf8 Bf2 43. c5 Kd7 44. Kd5 Bxc5 45. Kxc5 Kc7 46. Kb5 Kb7 47. Bd6 Ka8 48. Ka6 1/2-1/2